Κατάλογος Βιβλιοθηκών Mediterranean College

Μακροοικονομική Θεωρία. (Record no. 3800)

MARC details
000 -LEADER
fixed length control field 01454cam a22002054a 4500
005 - ΗΜΕΡΟΜΗΝΙΑ ΚΑΙ ΩΡΑ ΤΕΛΕΥΤΑΙΑΣ ΕΝΗΜΕΡΩΣΗΣ
Πεδίο ελέγχου 20250605164125.0
008 - FIXED-LENGTH DATA ELEMENTS--GENERAL INFORMATION
Πεδίο ελέγχου σταθερού μήκους 250528s ||||||||||||||||||||||||d
035 ## - SYSTEM CONTROL NUMBER
System control number 18439
020 ## - ISBN
ISBN 9600107564
040 ## - ΠΗΓΗ ΚΑΤΑΛΟΓΟΓΡΑΦΗΣΗΣ
Φορέας πρωτότυπης καταλογογράφησης MC Athens Campus Library
Γλώσσα καταλογογράφησης Ελληνικά, Μοντέρνα (1453-)
Modifying agency MC Athens Campus Library
Κανόνες περιγραφικής καταλογογράφησης AACR2
245 1# - ΤΙΤΛΟΣ ΚΑΙ ΔΗΛΩΣΗ ΥΠΕΥΘΥΝΟΤΗΤΑΣ
Τίτλος Μακροοικονομική Θεωρία.
Number of part/section of a work Β' Τόμος
260 ## - PUBLICATION, DISTRIBUTION, ETC.
Name of publisher, distributor, etc. Gutenberg,
Date of publication, distribution, etc. 1998
300 ## - PHYSICAL DESCRIPTION
Extent 390
520 ## - SUMMARY, ETC.
Summary, etc. Η Οικονομία στη Βραχυχρόνια Περίοδο, Εισαγωγή στις Οικονομικές Διακυμάνσεις, Συναθροιστική Ζήτηση Ι, Συναθροιστική Ζήτηση ΙΙ, Συναθροιστική Ζήτηση στην Ανοικτή Οικονομία, Συναθροιστική Προσφορά, Η Θεωρητική Αντιπαράθεση για τη Μακροοικονομική Πολιτική, Πρόσφατες Εξελίξεις στη Θεωρία των Οικονομικών Διακυμάνσεων, Περισσότερα για το Μικροοικονομικό Υπόβαθρο της Μακροοικονομικής, Οι Θεωρητικές Αντιπαραθέσεις για το Δημόσιο Χρέος, Επενδύσεις, Προσφορά και Ζήτηση Χρήματος, Επίλογος.
700 1# - ΠΡΟΣΘΕΤΗ ΑΝΑΓΡΑΦΗ--ΦΥΣΙΚΟ ΠΡΟΣΩΠΟ
Personal name Mankiw Gregory N
9 (RLIN) 2845
700 1# - ΠΡΟΣΘΕΤΗ ΑΝΑΓΡΑΦΗ--ΦΥΣΙΚΟ ΠΡΟΣΩΠΟ
Personal name Πανεθυμιτάκης Αλέξανδρος Ι
9 (RLIN) 24
942 ## - ADDED ENTRY ELEMENTS (KOHA)
Koha item type Books
Holdings
Τύπος τεκμηρίου Βιβλιοθήκη Τρέχουσα τοποθεσία Barcode Αριθμός εισαγωγής Ημερομηνία απόκτησης Ταξιθετικό σύμβολο Αριθμός αντιτύπου Κατάσταση απόσυρσης Κατάσταση χαμένου Κατάσταση κατεστραμμένου Μη δανεισμός Σύνολο δανεισμών Ημερομηνία τελευταίας εμφάνισης Η τιμή ισχύει από
Books MC Athens Campus Library MC Athens Campus Library 9780000037992 3127 05/06/2025 339 ΜΑΝ V.B 1           05/06/2025 05/06/2025

MC Athens Campus Library
Πατησίων 94 & Κοδριγκτώνος 13, 104 34
Πελλήνης 8 & Πατησίων 107, 112 51
Τ: +30 210 8899600

MC Thessaloniki Campus Library
Ίωνος Δραγούμη 21, 54625 | Ίωνος Δραγούμη 15, 54625
Τ: +30 2310 287779 – Τ: +30 2314 440300